<?xml version="1.0" encoding="UTF-8"?>
<collection xmlns="http://www.loc.gov/MARC21/slim">
  <record>
    <leader>00000nam  2200000   4500</leader>
    <controlfield tag="001">INLIS000000000020248</controlfield>
    <controlfield tag="005">20250528031012</controlfield>
    <datafield tag="035" ind1="#" ind2="#">
      <subfield code="a">0010-0525000331</subfield>
    </datafield>
    <controlfield tag="007">ta</controlfield>
    <controlfield tag="008">250528################g##########0#ind##</controlfield>
    <datafield tag="020" ind1="#" ind2="#">
      <subfield code="a">978 602 06 1831 9</subfield>
    </datafield>
    <datafield tag="082" ind1="#" ind2="#">
      <subfield code="a">381.1</subfield>
    </datafield>
    <datafield tag="084" ind1="#" ind2="#">
      <subfield code="a">381.1 MUL d</subfield>
    </datafield>
    <datafield tag="100" ind1=" " ind2="#">
      <subfield code="a">Muljono, Ryan Kristo</subfield>
    </datafield>
    <datafield tag="245" ind1="1" ind2="#">
      <subfield code="a">Digital Marketing Concept :</subfield>
      <subfield code="b">Penggunaan Konsep Dasar Digital Marketing untuk Membuat Perubahan Besar /</subfield>
      <subfield code="c">Ryan Kristo Muljono</subfield>
    </datafield>
    <datafield tag="250" ind1="#" ind2="#">
      <subfield code="a">Cetakan ke 2</subfield>
    </datafield>
    <datafield tag="260" ind1="#" ind2="#">
      <subfield code="a">Jakarta :</subfield>
      <subfield code="b">Gramedia Pustaka Utama,</subfield>
      <subfield code="c">2019</subfield>
    </datafield>
    <datafield tag="300" ind1="#" ind2="#">
      <subfield code="a">134 halaman :</subfield>
      <subfield code="b">ilus ;</subfield>
      <subfield code="c">20 cm</subfield>
    </datafield>
    <datafield tag="650" ind1="#" ind2="4">
      <subfield code="a">Perdagangan</subfield>
    </datafield>
    <datafield tag="520" ind1="#" ind2="#">
      <subfield code="a">Beberapa tahun terakhir ini kita dikejutkan dengan perubahan-perubahan bisnis yang sangat luar biasa. Semua berawal dari teknologi; mulai dari tutupnya beberapa pusat perbelanjaan karena kehadiran toko online, taksi online yang meruntuhkan taksi tradisional, hingga pembayaran secara digital melalui aplikasi yang menggantikan transaksi tunai. Hal ini menuntut semua perusahaan, dari yang berskala kecil hingga multinasional, untuk bersaing lebih ketat dalam meraih pasar.&#13;
&#13;
Digital Marketing Concept akan mengungkapkan tiga elemen penting dalam konsep digital marketing. Semua aktivitas digital marketing yang Anda lakukan hanya akan memperbesar atau meningkatkan ketiga hal ini: traffic, conversion, dan engagement. Konsep digital marketing yang dipaparkan oleh Ryan Kristo Muljono disertai dengan tips dan trik untuk meraih pasar di dunia online. Tidak hanya pengusaha, orang awam sekalipun akan mudah memahami dan menerapkannya.</subfield>
    </datafield>
    <datafield tag="990" ind1="#" ind2="#">
      <subfield code="a">200919232</subfield>
    </datafield>
    <datafield tag="990" ind1="#" ind2="#">
      <subfield code="a">200919233</subfield>
    </datafield>
  </record>
</collection>
